| 000 | 00578nam a22001817a 4500 | ||
|---|---|---|---|
| 003 | OSt | ||
| 005 | 20251106081602.0 | ||
| 008 | 251106b |||||||| |||| 00| 0 eng d | ||
| 020 | _a0-7619-6422-3 | ||
| 040 |
_aDWCL-Main lib _cOC |
||
| 082 | _aCirc. 310.73 W725 2003 | ||
| 100 | _aWilliams, M. | ||
| 245 |
_aMaking sense of social research _cWilliams, Malcolm |
||
| 260 |
_aLondon : _bSage Publications, _cc2003 |
||
| 300 |
_avii, 222 pages : _c24 cm. |
||
| 504 | _aIncludes index | ||
| 942 |
_2ddc _cBK-CIRC _hCirc. 310.73 W725 2003 _kCirc. _n0 |
||
| 999 |
_c5625 _d5625 |
||